Didymi In Demosthenem commenta (Record no. 210559)
[ view plain ]
| 000 -LEADER | |
|---|---|
| fixed length control field | 01577nam a2200397 a 4500 |
| 100 0# - MAIN ENTRY--AUTHOR NAME | |
| Personal name | Didymus, |
| 245 10 - TITLE STATEMENT | |
| Title | Didymi In Demosthenem commenta |
| 260 ## - PUBLICATION, DISTRIBUTION, ETC. (IMPRINT) | |
| Place of publication | Stutgardiae : |
| Name of publisher | B.G. Teubner, |
| Year of publication | 1983. |
| 300 ## - PHYSICAL DESCRIPTION | |
| Number of Pages | xx, 87 p. |
| 500 ## - GENERAL NOTE | |
| General note | Greek text with commentary in Latin. |
| 650 #0 - SUBJECT ADDED ENTRY--TOPICAL TERM | |
| Topical Term | Speeches, addresses, etc., Greek |
| 700 1# - ADDED ENTRY--PERSONAL NAME | |
| Personal name | Pearson, Lionel Ignacius Cusack. |
| Personal name | Stephens, Susan A. |
| 856 40 - ELECTRONIC LOCATION AND ACCESS | |
| Uniform Resource Identifier | http://site.ebrary.com/lib/rucke/Doc?id=10592109 |
No items available.
